Abbahagyták a fogadalmi templom építését

Elmentve itt :
Bibliográfiai részletek
Dokumentumtípus: Cikk
Megjelent: 1924-11-21
Sorozat:Délmagyarország 5 No. 268
Kulcsszavak:Fogadalmi templom Szeged 1924, Szeged
Online Access:http://dmarchiv.bibl.u-szeged.hu/45569
LEADER 00437nab a2200145 i 4500
001 delm45569
005 20180927131914.0
008 180927s1924 hu o 0|| hun d
040 |a SZTE Délmagyarország Archívum  |b hun 
041 |a hun 
245 0 0 |a Abbahagyták a fogadalmi templom építését  |h [elektronikus dokumentum] 
260 |c 1924-11-21 
300 |a 2 
490 0 |a Délmagyarország  |v 5 No. 268 
695 |a Fogadalmi templom Szeged 1924, Szeged